ბათუმის შოთა რუსთაველის სახელმწიფო უნივერსიტეტის ბიბლიოთეკა

გენეტიკა მედიცინაში: ტომპსონი & ტომპსონი / (ბიბ.ჩანაწერი № 53778)

000 -ლიდერი
ფიქსირებული სიგრძის საკონტროლო ველი 01889nam a2200289Ia 4500
001 - საკონტროლო ნომერი
საკონტროლო ველი 20828
003 - საკონტროლო ნომრის იდენტიფიკატორი
საკონტროლო ველი GE_BSU
005 - ბოლო ოპერაციის თარიღი და დრო
საკონტროლო ველი 20200509182810.0
008 - ფიქსირებული სიგრძის მონაცემთა ელემენტები - ზოგადი ინფორმაცია
ფიქსირებული სიგრძის საკონტროლო ველი 181216s2016ge xx |||||||||||||| ||geo||
020 ## - წიგნის საერთაშორისო სტანდარტული ნომერი
International Standard Book Number 9789941091285
040 ## - კატალოგიზაციის წყარო
Transcribing agency GE_BSU
041 ## - ენის კოდი
Language code of text/sound track or separate title geo
080 ## - უნივერსალური ათობითი კლასიფიკაციის ინდექსი
Universal Decimal Classification number 61:575 გ–32
245 ## - ცნობა სათაურის შესახებ
Title გენეტიკა მედიცინაში: ტომპსონი & ტომპსონი /
Statement of responsibility, etc რობერტ ლ. ნუსბაუმი ; როდერიკ რ. მაკინესი ; ჰანტინგტონ ფ. ვილარდი ; ადა ჰემოში ; ქართული გამოცემის მთ. რედაქტორი ელენე აბზიანიძე ; სარედაქციო-მთარგმნელობითი კოლეგია: ელენე აბზიანიძე, ეკა კვარაცხელია, თინათინ ტყემალაძე [და სხვ.].
250 ## - გამოცემის ცნობა
Edition statement მე-8 გამოცემა.
264 ## - წარმოების, გამოცემის, დისტრიბუციის და სხვა ცნობები
გამოცემის, წარმოების, დისტრიბუციის... ადგილი თბილისი. :
გამოცემის, წარმოების, დისტრიბუციის... სახელწოდება სამედიცინო გენეტიკის და ეპიგენეტიკის საქართველოს საზ-ბა, (შპს ”ირიდე”)
გამოცემის, წარმოების, დისტრიბუციის... თარიღი 2016.
300 ## - ფიზიკური აღწერა
Extent 572 გვ;
Other physical details სურ;
Dimensions 27 სმ.
500 ## - ზოგადი შენიშვნა
General note ინდექსი : გვ. 559-571.
653 ## - INDEX TERM--UNCONTROLLED
Uncontrolled term მედიცინა
653 ## - INDEX TERM--UNCONTROLLED
Uncontrolled term სამედიცინო გენეტიკა.
653 ## - INDEX TERM--UNCONTROLLED
Uncontrolled term ტომპსონი & ტომპსონი
700 ## - ADDED ENTRY--PERSONAL NAME
Personal name ნუსბაუმი, რობერტ ლ
9 (RLIN) 8026
700 ## - ADDED ENTRY--PERSONAL NAME
Personal name მაკინესი, როდერიკ რ.
9 (RLIN) 8027
700 ## - ADDED ENTRY--PERSONAL NAME
Personal name ვილარდი, ჰანტინგტონ ფ
9 (RLIN) 8028
700 ## - ADDED ENTRY--PERSONAL NAME
Personal name ჰემოში, ადა
9 (RLIN) 8028
942 ## - ADDED ENTRY ELEMENTS (KOHA)
Koha item type წიგნი
Source of classification or shelving scheme
ეგზემპლარები
ჩამოწერის სტატუსი დაკარგული ეგზემპლარის სტატუსი კლასიფიკაციის წყარო ან თაროზე გაწყობის სქემა დაზიანების სტატუსი არ გაიცემა მუდმივი მდებარეობა (დაცვის ადგილი) ამჟამინდელი ადგილსამყოფელი თაროზე განთავსების ადგილი შეძენის თარიღი ღირებულება, შესყიდვის ნორმალური ფასი სრული შენახვის შიფრი შტრიხკოდი ბოლო ოპერაციის თარიღი ეგზემპლარის მიმდევრობითი ნომერი (კეტერი?) ფასის ძალაში შესვლის თარიღი ეგზემპლარის სახეობა საჯარო შენიშვნა
          ბათუმის შოთა რუსთაველის სახელმწიფო უნივერსიტეტის მთავარი ბიბლიოთეკა ბათუმის შოთა რუსთაველის სახელმწიფო უნივერსიტეტის მთავარი ბიბლიოთეკა წიგნსაცავი 2018-12-17 52.00 61:575 გ–32 54251 2018-12-17 54251 2018-12-17 წიგნი 52ლ.80თ.
          ბათუმის შოთა რუსთაველის სახელმწიფო უნივერსიტეტის მთავარი ბიბლიოთეკა ბათუმის შოთა რუსთაველის სახელმწიფო უნივერსიტეტის მთავარი ბიბლიოთეკა წიგნსაცავი 2018-12-17 52.00 61:575 გ–32 54252 2018-12-17 54252 2018-12-17 წიგნი 52ლ.80თ.
          ბათუმის შოთა რუსთაველის სახელმწიფო უნივერსიტეტის მთავარი ბიბლიოთეკა ბათუმის შოთა რუსთაველის სახელმწიფო უნივერსიტეტის მთავარი ბიბლიოთეკა წიგნსაცავი 2018-12-17 52.00 61:575 გ–32 54253 2018-12-17 54253 2018-12-17 წიგნი 52ლ.80თ.
          ბათუმის შოთა რუსთაველის სახელმწიფო უნივერსიტეტის მთავარი ბიბლიოთეკა ბათუმის შოთა რუსთაველის სახელმწიფო უნივერსიტეტის მთავარი ბიბლიოთეკა წიგნსაცავი 2018-12-17 52.00 61:575 გ–32 54254 2018-12-17 54254 2018-12-17 წიგნი 52ლ.80თ.
          ბათუმის შოთა რუსთაველის სახელმწიფო უნივერსიტეტის მთავარი ბიბლიოთეკა ბათუმის შოთა რუსთაველის სახელმწიფო უნივერსიტეტის მთავარი ბიბლიოთეკა წიგნსაცავი 2018-12-17 52.00 61:575 გ–32 54255 2018-12-17 54255 2018-12-17 წიგნი 52ლ.80თ.